000 00604nam a22002417a 4500
003 UA-OsUOA
001 52381
007 ta
008 20150604b un ||||| |||| 00| 0 ukr d
100 _aВасильченко С.
090 _a82-3
_bВ19
942 _cBK
040 _aUA-OsUOA
_bukr
_cUA-OsUOA
_dUA-OsUOA
245 _aНовелі
300 _a128 с.
955 _a3
041 _aukr
080 _a82-3
260 _aВінніпег
_c1953
650 7 _2UDC
999 _c432503
_d432503